Zmeny zákona č. 595/2003 Z. z. o dani z príjmov od roku 2018

Vybrané najdôležitejšie zmeny pri novelizácii zákona č. 595/2003 Z. z. o dani z príjmov, zákona č. 222/2004 Z. z. o dani z pridanej hodnoty a zákona č. 563/2009 Z. z. o správe daní (daňový poriadok).

Gespeichert in:
Bibliographische Detailangaben
1. Verfasser: Tučníková, Daniela
Format: Buchkapitel
Sprache:Slowakisch
Schlagworte:
Tags: Tag hinzufügen
Keine Tags, Fügen Sie das erste Tag hinzu!

MARC

LEADER 00000nla a2200000 4500
001 0240364
005 20240502073914.6
041 0 |a slo 
044 |a SK 
245 1 0 |a Zmeny zákona č. 595/2003 Z. z. o dani z príjmov od roku 2018  |c Daniela Tučníková 
520 |a Vybrané najdôležitejšie zmeny pri novelizácii zákona č. 595/2003 Z. z. o dani z príjmov, zákona č. 222/2004 Z. z. o dani z pridanej hodnoty a zákona č. 563/2009 Z. z. o správe daní (daňový poriadok). 
610 2 0 |a zákony 
610 2 0 |a novelizácia 
610 2 0 |a dane z príjmov 
610 2 0 |a hodnota pridaná 
610 2 0 |a poriadok daňový 
610 2 0 |a dane 
610 2 0 |a daňovníci 
100 1 |a Tučníková, Daniela